Norse mythology - Statistics

General Stats
  • This quiz has been taken 157 times
  • The average score is 10 of 16
Answer Stats
Hint Answer % Correct
god of mischief Loki
99%
Allfather odin
99%
bridge between realms bifrost
81%
The world serpent jormungand
79%
one handed tyr
78%
Murderer of odin in ragnarok fenrir
71%
bright one, mistletoe balder
69%
realm of fire muspelheim
69%
fire giant, ruler of muspelheim surt
67%
realm of the vanir gods vanaheim
67%
realm of the dark elves Svartalfheim
55%
Eats the sun at ragnarok Skoll
42%
eats the moon at raganarok Hati
39%
dragon at the bottom of yggdrasil Nidhogg
36%
Odins ravens huginn and muninn
24%
odins wolves Geri and freki
16%
No matching quizzes found
Score Distribution
Percent of People with Each Score
Percentile by Number Answered
Your Score History
You have not taken this quiz